| 000 | 00502nam a22001817a 4500 | ||
|---|---|---|---|
| 003 | CEME | ||
| 005 | 20210628203217.0 | ||
| 008 | 210203b xxu||||| |||| 00| 0 eng d | ||
| 020 | _a9781591398226 | ||
| 040 | _c. | ||
| 082 | _a658 ESS | ||
| 100 |
_aHarvard Business _959812 |
||
| 245 | _aThe essentials of strategy , business literacy for hr professionals | ||
| 260 |
_aUSA _bHARVARD BUSINESS SCHOOL PRESS _c2006 |
||
| 300 | _aXXVI, 325P | ||
| 650 |
_aSTRATEGY-BUSINESS. _964002 |
||
| 942 |
_cBK _2ddc |
||
| 999 |
_c572658 _d572658 |
||